书目信息 |
| 题名: |
韩国独立运动与中国关系编年史
|
|
| 作者: | 石源华 , 蒋建忠 编著 | |
| 分册: | 下 | |
| 出版信息: | 北京 社会科学文献出版社 2012.04 |
|
| 页数: | 1155-1709页 | |
| 开本: | 24cm | |
| 丛书名: | ||
| 单 册: | ||
| 中图分类: | K312.43 , D829.312 | |
| 科图分类: | ||
| 主题词: | 独立运动--朝鲜 , 中朝关系--国际关系史--编年史--1919-1949--史料 , 独立运动 , 中朝关系 , 国际关系史 , 编年史 | |
| 电子资源: | ||
| ISBN: | 978-7-5097-2994-6 | |
| 000 | 01052nam0 2200325 450 | |
| 001 | 010010094797 | |
| 005 | 20120619160946.18 | |
| 010 | @a978-7-5097-2994-6@dCNY99.34,298.00(全3册) | |
| 100 | @a20120409d2012 em y0chiy50 ea | |
| 101 | 0 | @achi |
| 102 | @aCN@b110000 | |
| 105 | @ay z 000yy | |
| 106 | @ar | |
| 200 | 1 | @a韩国独立运动与中国关系编年史@9han guo du li yun dong yu zhong guo guan xi bian nian shi@e1919-1949@h下@f石源华,蒋建忠编著 |
| 210 | @a北京@c社会科学文献出版社@d2012.04 | |
| 215 | @a1155-1709页@d24cm | |
| 300 | @a北京外国语大学世界亚洲研究信息中心资助 | |
| 330 | @a本书收录了1919-1949的韩国独立运动与中国关系编年史。 | |
| 606 | 0 | @a独立运动@y朝鲜 |
| 606 | 0 | @a中朝关系@x国际关系史@x编年史@z1919-1949@x史料 |
| 606 | 0 | @a独立运动 |
| 606 | 0 | @a中朝关系 |
| 606 | 0 | @a国际关系史 |
| 606 | 0 | @a编年史 |
| 690 | @aK312.43@v5 | |
| 690 | @aD829.312@v5 | |
| 701 | 0 | @a石源华@9shi yuan hua@4编著 |
| 701 | 0 | @a蒋建忠@9jiang jian zhong@4编著 |
| 801 | 0 | @aCN@bRENTIAN@c20120409 |
| 905 | @b539924-28@dK312.43@e9:3@f5 | |
| 韩国独立运动与中国关系编年史:1919-1949.下/石源华,蒋建忠编著.-北京:社会科学文献出版社,2012.04 |
| 1155-1709页;24cm |
| 北京外国语大学世界亚洲研究信息中心资助 |
| ISBN 978-7-5097-2994-6:CNY99.34,298.00(全3册) |
| 本书收录了1919-1949的韩国独立运动与中国关系编年史。 |
| ● |
| 相关链接 |
|
|
|
|
正题名:韩国独立运动与中国关系编年史
索取号:K312.43/9:3
 
预约/预借
| 序号 | 登录号 | 条形码 | 馆藏地/架位号 | 状态 | 备注 |
| 1 | 539924 | 205399246 | 第二样本阅览室/ [索取号:K312.43/9:3] | 在馆 | |
| 2 | 539925 | 205399255 | 密集书库-史法系/ [索取号:K312.43/9:3] | 在馆 | |
| 3 | 539926 | 205399264 | 第二借阅区/ [索取号:K312.43/9:3] | 在馆 | |
| 4 | 539927 | 205399273 | 第二借阅区/ [索取号:K312.43/9:3] | 在馆 | |
| 5 | 539928 | 205399282 | 第二借阅区/ [索取号:K312.43/9:3] | 在馆 |